| 000 | 00469nam a22001817a 4500 | ||
|---|---|---|---|
| 003 | NUST - PNEC | ||
| 005 | 20170116181103.0 | ||
| 008 | 151003b xxu||||| |||| 00| 0 eng d | ||
| 020 | _a9780743295826 | ||
| 020 | _a07432958X | ||
| 040 | _cLIBRARY | ||
| 082 | _a954.91053 PER | ||
| 100 |
_912461 _aMusharraf, Pervez |
||
| 245 |
_aIn the line of fire : a memoir _cPervez Musharraf |
||
| 260 | _cc.2006 | ||
| 650 |
_912462 _aPresidents _yBiopgraphy |
||
| 942 |
_2ddc _cBK |
||
| 999 |
_c68820 _d68820 |
||